<?xml version="1.0" encoding="UTF-8"?><?xml-stylesheet type="text/xsl" href="static/style.xsl"?><OAI-PMH xmlns="http://www.openarchives.org/OAI/2.0/" xmlns:xsi="http://www.w3.org/2001/XMLSchema-instance" xsi:schemaLocation="http://www.openarchives.org/OAI/2.0/ http://www.openarchives.org/OAI/2.0/OAI-PMH.xsd"><responseDate>2026-04-17T03:11:35Z</responseDate><request verb="GetRecord" identifier="oai:www.recercat.cat:10459.1/84115" metadataPrefix="marc">https://recercat.cat/oai/request</request><GetRecord><record><header><identifier>oai:recercat.cat:10459.1/84115</identifier><datestamp>2024-12-05T21:34:39Z</datestamp><setSpec>com_2072_3622</setSpec><setSpec>col_2072_479130</setSpec></header><metadata><record xmlns="http://www.loc.gov/MARC21/slim" xmlns:dcterms="http://purl.org/dc/terms/" xmlns:xsi="http://www.w3.org/2001/XMLSchema-instance" xmlns:doc="http://www.lyncode.com/xoai" xsi:schemaLocation="http://www.loc.gov/MARC21/slim http://www.loc.gov/standards/marcxml/schema/MARC21slim.xsd">
   <leader>00925njm 22002777a 4500</leader>
   <datafield ind2=" " ind1=" " tag="042">
      <subfield code="a">dc</subfield>
   </datafield>
   <datafield ind2=" " ind1=" " tag="720">
      <subfield code="a">Segura Torres, Joan</subfield>
      <subfield code="e">author</subfield>
   </datafield>
   <datafield ind2=" " ind1=" " tag="720">
      <subfield code="a">Gairín Sallán, Joaquín</subfield>
      <subfield code="e">author</subfield>
   </datafield>
   <datafield ind2=" " ind1=" " tag="720">
      <subfield code="a">Silva, Patricia</subfield>
      <subfield code="e">author</subfield>
   </datafield>
   <datafield ind2=" " ind1=" " tag="260">
      <subfield code="c">2022-11-06T19:14:16Z</subfield>
   </datafield>
   <datafield ind2=" " ind1=" " tag="260">
      <subfield code="c">2022-11-06T19:14:16Z</subfield>
   </datafield>
   <datafield ind2=" " ind1=" " tag="260">
      <subfield code="c">2021</subfield>
   </datafield>
   <datafield ind2=" " ind1=" " tag="520">
      <subfield code="a">Cataluña es un referente en autonomía de centros a partir de la aprobación de la Ley&#xd;
educativa (LEC) de 16 de julio de 2009. El presente estudio analiza los cambios en las&#xd;
funciones de la Inspección educativa en su relación e implicación con los centros y la&#xd;
dirección a partir del desarrollo del Decreto de autonomía de Centros (2010). El interés&#xd;
se centra en indagar en la Inspección educativa como unos de los actores principales&#xd;
en este proceso de autonomía. La metodología mixta, ha combinado aproximaciones&#xd;
cuantitativas y cualitativas y consideró la región como caso de estudio. El estudio ha&#xd;
incluido la aplicación de un cuestionario con una muestra final de 88 inspectores/as, 12&#xd;
entrevistas en profundidad y 2 grupos de discusión de 5 inspectores/as y de 6 directores/&#xd;
as de centros educativos. El estudio cuantitativo realiza un análisis descriptivo y el cualitativo&#xd;
profundiza en algunos datos y busca procesos interpretativos por parte de los&#xd;
implicados en la temática. Los resultados revelan el papel de la Inspección en el proceso&#xd;
de implementación de la autonomía en los centros, y como soporte a las Direcciones&#xd;
escolares. El estudio afirma que la Inspección debe evolucionar hacia una realidad más&#xd;
práctica y presencial, disminuyendo la burocracia y definiendo y seleccionando sus tareas&#xd;
y funciones.</subfield>
   </datafield>
   <datafield ind2=" " ind1=" " tag="520">
      <subfield code="a">Catalonia is a benchmark in the regulation of the autonomy of schools as of the approval&#xd;
of the Educational Law (LEC) of July 16, 2009. This study analyzes the changes in the&#xd;
functions of the Educational Inspection in its relationship and involvement with schools&#xd;
and the leadership from the development of the Schools Autonomy Decree (2010). The&#xd;
interest is focused on investigating the Educational Inspection as one of the main actors&#xd;
in this autonomy process. The mixed methodology has combined quantitative and&#xd;
qualitative approaches and considered the region as a case study. The field study has&#xd;
included the application of a questionnaire with a final sample of 88 inspectors, 12 indepth&#xd;
interviews and 2 discussion groups of 5 inspectors and 6 directors of schools. The&#xd;
quantitative study performs a descriptive analysis and the qualitative study delves into&#xd;
some data and looks for interpretive processes by those involved in the subject. The results&#xd;
reveal the role of the Inspectorate in the entire process of implementing autonomy&#xd;
in schools, and as a support for school directorates. The study stated that the Inspection&#xd;
must evolve towards a more practical and face-to-face reality, reducing the bureaucracy&#xd;
and defining and selecting its tasks and functions.</subfield>
   </datafield>
   <datafield ind1="8" ind2=" " tag="024">
      <subfield code="a">http://hdl.handle.net/10459.1/84115</subfield>
   </datafield>
   <datafield tag="653" ind2=" " ind1=" ">
      <subfield code="a">Inspección educativa</subfield>
   </datafield>
   <datafield tag="653" ind2=" " ind1=" ">
      <subfield code="a">Dirección escolar</subfield>
   </datafield>
   <datafield tag="653" ind2=" " ind1=" ">
      <subfield code="a">Autonomía de centros</subfield>
   </datafield>
   <datafield tag="653" ind2=" " ind1=" ">
      <subfield code="a">Calidad educativa</subfield>
   </datafield>
   <datafield tag="653" ind2=" " ind1=" ">
      <subfield code="a">School leadership</subfield>
   </datafield>
   <datafield tag="653" ind2=" " ind1=" ">
      <subfield code="a">Supervisió escolar</subfield>
   </datafield>
   <datafield tag="653" ind2=" " ind1=" ">
      <subfield code="a">Educació--Avaluació</subfield>
   </datafield>
   <datafield ind2="0" ind1="0" tag="245">
      <subfield code="a">Implicaciones de la Inspección Educativa en Cataluña en el Proceso de Autonomía de Centros</subfield>
   </datafield>
</record></metadata></record></GetRecord></OAI-PMH>